000 00773nam a2200217Ii 4500
003 JO-AjNU
008 230605s9999||||xx |||||||||||||| ||und||
040 _aJO-AjNU
_bara
_erda
_cJO-AjNU
041 _aara
050 1 4 _aPJ6106.D55 1978
100 3 _aتاليف دمشقية،عفيف,
_eauthor
_913301
245 0 0 _aالمنطلقات التأسيسية والفنية إلى النحو العربي
250 _aط1
264 3 1 _aبيروت: معهد الانماء العربي،1978
300 _a228ص
336 _atext
_btxt
_2rdacontent
337 _aunmediated
_bn
_2rdamedia
338 _avolume
_bnc
_2rdacarrier
490 0 _aالدراسات الانسانية تحديث اللغة 4
650 4 _aالنحو العربي-اللغة العربية
_913302
999 _aA3277
_c6845
_d6845